Futbalisti striedajú dobré výkony so slabými

Bibliographic Details
Main Author: Kováč, Juraj, 1945- (Author)
Format: Article
Language:Slovak
Subjects:

MARC

LEADER 00000nab a2200000 a 4500
001 vtls009161964
003 SK-MaSNL
005 20260305034119.0
008 071123c2007 xo qrzp 0 0slo
038 |a RVGKPD 
040 |a RVGKPD  |b slo  |c RVGKPD  |e AACR2 
041 |a slo 
044 |a xo  |c SK 
080 |a 796.332  |2 1997 
100 1 |a Kováč, Juraj,  |d 1945-  |4 aut  |9 214202 
245 1 0 |a Futbalisti striedajú dobré výkony so slabými  |c Juraj Kováč 
650 0 7 |a futbal  |2 rvgkpd  |9 3291 
651 7 |a Vlachovo (Slovensko)  |2 rvgkpd  |9 29546 
651 7 |a Rožňava (Slovensko : okres)  |2 rvgkpd  |9 19215 
773 0 |t Stromíš : Vlachovské noviny  |g Roč. IX, č. 3 (október 2007), s. 8 
852 |a RVGKPD  |b KIS3G 
992 |a RBX 
999 |c 3327939  |d 3329869